David Copperfield (Record no. 186049)

000 -LEADER
fixed length control field 00952 a2200217 4500
003 - CONTROL NUMBER IDENTIFIER
control field Nust
005 - DATE AND TIME OF LATEST TRANSACTION
control field 20170207153429.0
010 ## - LIBRARY OF CONGRESS CONTROL NUMBER
LC control number 70367358
020 ## - INTERNATIONAL STANDARD BOOK NUMBER
International Standard Book Number 0710029535
040 ## - CATALOGING SOURCE
Transcribing agency Nust
082 00 - DEWEY DECIMAL CLASSIFICATION NUMBER
Classification number 823.8
100 1# - MAIN ENTRY--PERSONAL NAME
Personal name Dickens , Charles
245 00 - TITLE STATEMENT
Title David Copperfield
Statement of responsibility, etc. Charles Dickens. and Editor: Nina Burgis
260 ## - PUBLICATION, DISTRIBUTION, ETC.
Place of publication, distribution, etc. London,
Name of publisher, distributor, etc. Routledge & K. Paul;
Place of publication, distribution, etc. New York,
Name of publisher, distributor, etc. Oxford University press
300 ## - PHYSICAL DESCRIPTION
Extent viii, 899 p.
Dimensions 19 cm.
490 0# - SERIES STATEMENT
Series statement The Profiles in literature series
505 ## - FORMATTED CONTENTS NOTE
Formatted contents note Extra Illustration (Page-vi) Introduction (Page-vii) Note on the Text (Page-xxi) A Chronology of Charles Dickens (Page-xxii) Map of London in the i820s (Page-xxiv) David Copperfield Preface (Page-xxvi) Contents (Page-xxix) List of Illustrations (Page-xxxii) David Copperfield (Page-1) Appendixs (Page-856).
538 ## - SYSTEM DETAILS NOTE
System details note Almirah No.59 Shelf No.1
600 10 - SUBJECT ADDED ENTRY--PERSONAL NAME
Personal name Dickens, Charles,
Dates associated with a name 1812-1870.
650 #0 - SUBJECT ADDED ENTRY--TOPICAL TERM
Topical term or geographic name entry element Novelists, English
Chronological subdivision 19th century
General subdivision Biography.
942 ## - ADDED ENTRY ELEMENTS (KOHA)
Source of classification or shelving scheme
Koha item type Book
Holdings
Withdrawn status Lost status Source of classification or shelving scheme Damaged status Not for loan Collection code Permanent Location Current Location Date acquired Total Checkouts Full call number Barcode Checked out Date last seen Date last checked out Price effective from Koha item type
            Military College of Signals (MCS) Military College of Signals (MCS) 12/12/2016 1 823.8 DIC MCS30760 07/26/2025 06/26/2025 06/26/2025 12/12/2016 Book
© 2023 Central Library, National University of Sciences and Technology. All Rights Reserved.